Thể chế - cải cách thể chế và phát triển Lý luận và thực tiễn ở nước ngoài và Việt Nam
Spremljeno u:
| Glavni autor: | |
|---|---|
| Format: | Knjiga |
| Jezik: | Undetermined |
| Izdano: |
H.
Thống Kê
2002
|
| Teme: | |
| Oznake: |
Dodaj oznaku
Bez oznaka, Budi prvi tko označuje ovaj zapis!
|
| Thư viện lưu trữ: | Trung tâm Học liệu Trường Đại học Cần Thơ |
|---|
| LEADER | 00601nam a2200193Ia 4500 | ||
|---|---|---|---|
| 001 | CTU_53656 | ||
| 008 | 210402s9999 xx 000 0 und d | ||
| 020 | |b 50000 | ||
| 082 | |a 338.9 | ||
| 082 | |b Â121 | ||
| 100 | |a Đinh Văn Ân | ||
| 245 | 0 | |a Thể chế - cải cách thể chế và phát triển | |
| 245 | 0 | |b Lý luận và thực tiễn ở nước ngoài và Việt Nam | |
| 245 | 0 | |c Đinh Văn Ân | |
| 260 | |a H. | ||
| 260 | |b Thống Kê | ||
| 260 | |c 2002 | ||
| 650 | |a economic policy | ||
| 980 | |a Trung tâm Học liệu Trường Đại học Cần Thơ | ||